| 000 | 00888cab a2200265 4500 | ||
|---|---|---|---|
| 001 | Z1205 | ||
| 008 | 090401t1992 xxu||||| |||| 00| 0 eng d | ||
| 035 | _a(Sirsi) u40885 | ||
| 041 | _aeng | ||
| 100 | _aGarnsworthy, J. | ||
| 245 | _aDepartment of the Environment: GIS activities | ||
| 260 | _c1992 | ||
| 350 | _a0 | ||
| 490 |
_aBURISA _v(103) May 1992, 12-13(2) |
||
| 520 | _aGeographical information systems are being applied to a wide variety of tasks by the DoE, whose activities are indicated here, in fields such as land use and vacant land surveys, and boundary definition. | ||
| 650 | _aDEPARTMENT OF THE ENVIRONMENT | ||
| 650 | _aDIGITAL DATA | ||
| 650 | _aGIS | ||
| 650 | _aORDNANCE SURVEY | ||
| 650 | _aVACANT LAND SURVEYS | ||
| 690 | _aMANAGEMENT-BUSINESS MANAGEMENT-INFORMATION MANAGEMENT | ||
| 690 | _aLAND SURVEYING | ||
| 942 | _n0 | ||
| 948 | _c04/03/1997 | ||
| 999 |
_c26211 _d26211 |
||